| 000 | 00775nam a2200217 a 4500 | ||
|---|---|---|---|
| 001 | 000029672 | ||
| 003 | DO-SdBNP | ||
| 005 | 20240715124917.0 | ||
| 008 | 110419s2006 xxua 000 0 spa d | ||
| 040 |
_aDO-SdBNP _bspa _cBNPHU |
||
| 041 | 1 | 7 |
_aspa _2eng |
| 111 | 2 |
_aDominican week in the United States _n(14: _d2006, septiember 18 -21 _cEstados Unidos) _956473 |
|
| 245 | 1 | 3 |
_aDominican week in the United States = _bSemana dominicana en los Estados Unidos. |
| 246 | 1 | 3 | _aSemana dominicana en los Estados Unidos |
| 260 |
_a[s.l.] : _b[s.n.], _c2006. |
||
| 300 | _a75 p. | ||
| 500 | _aTexto a dos columnas | ||
| 500 | _aTexto en inglés y español | ||
| 505 | 0 | _aSemana dominicana exalta el valioso trabajo de los profesores dominicanos en Nueva York | |
| 942 |
_2ddc _cLBS1 |
||
| 999 |
_c29164 _d29164 |
||